Las trezientas d'el famosissimo poeta ivan de mena /
Guardado en:
| Autor Principal: | |
|---|---|
| Formato: | Libro |
| Publicado: |
Anvers :
Iuan Steelfio,
1552
|
| Materias: | |
| Etiquetas: |
Agregar Etiqueta
Sin Etiquetas, Sea el primero en etiquetar este registro!
|
| LEADER | 00636nam a22001815a 4500 | ||
|---|---|---|---|
| 001 | EHU.bham017713 | ||
| 003 | AR-BHAM | ||
| 005 | 20100625041615.0 | ||
| 008 | 130507s1552##################000#0#####d | ||
| 082 | 8 | 6 | |a 861.2 |
| 100 | 1 | |a Mena, Juan De | |
| 245 | 1 | 0 | |a Las trezientas d'el famosissimo poeta ivan de mena / |c Juan De Mena |
| 260 | |a Anvers : |b Iuan Steelfio, |c 1552 | ||
| 300 | |a 830 p. | ||
| 500 | |a Material De Consulta Restringida | ||
| 505 | 0 | |a Las trezientas.- Otras coplas.- La coronacion.- Tratado de vicios y virtudes | |
| 653 | |a Poesia espaÑola-1370-1516 | ||
| 859 | |a AR-BHAM |b BIB. HUMANIDADES - Arturo Marasso |h 861.2 |i M52 |p 1462.57 |t Ej.1 |v M A | ||
